01340nam a2200325 450000100060000000300090000600500170001500700060003200800330003802000150007104000220008608200260010810000420013424500760017625000140025226000440026630000220031049000280033250000740036059000290043465000350046365000290049870000310052791000390055894200120059795201330060995201330074295201240087599900150099900265DO-SdBNP20240301072711.000265160411b 1998 sp ||| 00| 0 spa d a8437601614 aBPMSUbspacBPMSU a861.62bJ61p 19982221 aJiménez, Juan Ramón, d1881-1958.10aPlatero y yo /cJuan Ramón Jiménez ; Edición Michael P. Predmore  a18a. ed.  aMadrid : bEdiciones Cátedra, c1998. a271 p. ;c20 cm. 0 aLetras hispánica,v90 aIncluye referencias bibliográficas y notas al pie de las páginas  aInventariado, 2023/VM6  4aPoesías juveniles española 4aLiteratura españolax 1 aPredmore, Michael P. eed. aVMateo V.Control de calidad BPMSU  2ddccBK 00102ddc40708CJ-GaBPMETbBPMETd2016-04-11eFUNDIl0oBPMSU CJG 861.62 J61p 1998pBPMSU16040306r2016-04-11w2016-04-11yBK 00102ddc40708CJ-GaBPMETbBPMETd2016-04-11eFUNDIl0oSJ 861.62 J61p 1998pBPMSU16040307r2016-04-11tej. 2w2016-04-11yBK 00102ddc40708CJ-GaBPMETbBPMETd2021-03-23l0oSJ 861.62 J61p 1998pBPMET21030067r2021-03-23te.3w2021-03-23yBK c9683d9683